000 00605nam a2200193Ia 4500
005 20250507130153.0
008 008 250505s9999 xx 000 0 eng d
037 _aDIS
040 _aEASL
_beng
_cEASL
041 _aeng
_2eng
084 _a0000180, DAS
_qEASL
100 _aDas Shaheli
_9674641
245 0 _aChina's Africa policy: case study of North Afica(2000-2010) Janardan Sahu
260 _aIndia
_bUniversity of Delhi. Social Sciences. East Asian Studies (Delhi India)
_c2014
300 _a130p.
650 _aDiss
942 _cDIS
_h0000180, DAS
999 _c1318070
_d1318070